000 00500nam a2200145Ia 4500
008 231217s9999 xx 000 0 und d
041 _aEnglish
082 _a158.1 DKL.1;5 R
100 _aJohnson, Roy. Eaton, John. Holden, Robert et. al.
245 0 _aWinners manual : archiving excellence, influencing people, balancing work and life
260 _c2008
_bDarling Kindersley
_aLondon
300 _a72
650 _aWinners,selling,successfully,,making,presentations,,manage,time
942 _cAA
999 _c183216
_d183216